Návrh opatrení na zmenu technológie výroby vo firme Premac, s.r.o. Bratislava = The proposal for changes in the production technology by the company Premac, L.C. : Bakalárska práca

Saved in:
Bibliographic Details
Main Author: Talnagiová, Viktória, 1976- (Author)
Other Authors: Drahňovský, Juraj, 1980- (xxx)
Format: Manuscript Book
Language:Slovak
Published: Trnava : STU v Bratislave MTF UPMK KM, 2007
Subjects:
Tags: Add Tag
No Tags, Be the first to tag this record!

MARC

LEADER 00000ntm a22000003a 4500
001 stu148764
005 20150617225935.2
008 071108s2007----xo------------------slo-d
040 |a STU  |b slo 
041 0 |a slo 
044 |a xo 
100 1 |a Talnagiová, Viktória,  |d 1976-  |4 aut  |u M4000  |U MTF Materiálovotechnologická fakulta  |T MTF Ústav priemyselného inžinierstva a manažmentu  |X 31298  |U M4000  |Y 84  |7 A000031298 
245 1 |a Návrh opatrení na zmenu technológie výroby vo firme Premac, s.r.o. Bratislava = The proposal for changes in the production technology by the company Premac, L.C. :  |b Bakalárska práca 
260 |a Trnava :  |b STU v Bratislave MTF UPMK KM,  |c 2007 
300 |a 56 s  |c príl (1 CD-ROM) 
500 |a Odbor: priemyselné inžinierstvo a manažment 
650 7 |a manažment výroby  |2 stusub 
700 1 |a Drahňovský, Juraj,  |d 1980-  |4 xxx  |u M4000  |U MTF Materiálovotechnologická fakulta  |T MTF Ústav priemyselného inžinierstva a manažmentu  |X 38290  |U M4000  |Y 84  |7 A000038290 
996 |b 284M066641  |c M*BP-2874  |l MMSKP  |s P  |a 0  |w stu148764_0001